Working rule agreement (Record no. 110867)

MARC details
000 -LEADER
fixed length control field 01058cad a22002175a 4500
001 - CONTROL NUMBER
control field L150427
008 - FIXED-LENGTH DATA ELEMENTS--GENERAL INFORMATION
fixed length control field 100713s2010 xxk f 000 0 eng d
035 ## - SYSTEM CONTROL NUMBER
System control number (Sirsi) u150427
041 ## - LANGUAGE CODE
Language code of text/sound track or separate title eng
110 2# - MAIN ENTRY--CORPORATE NAME
Corporate name or jurisdiction name as entry element National Specialist Contractors Council
9 (RLIN) 4301
245 00 - TITLE STATEMENT
Title Working rule agreement
Remainder of title rates of basic pay, allowances and additional payment applicable from Monday 28 June 2010
Medium [electronic resource]
260 ## - PUBLICATION, DISTRIBUTION, ETC.
Place of publication, distribution, etc. London
Name of publisher, distributor, etc. CIJC
Date of publication, distribution, etc. 2010
520 ## - SUMMARY, ETC.
Summary, etc. There has been no increase in basic pay rates since the last Working Rule Agreement (WRA) expired on 30 June 2009 so the 2008/09 rates will continue to apply until further notice. Fare and subsistence allowances increased from Monday 28 June 2010 but travel allowance remains unchanged.
650 ## - SUBJECT ADDED ENTRY--TOPICAL TERM
Topical term or geographic name entry element WORKING RULE AGREEMENT
651 #4 - SUBJECT ADDED ENTRY--GEOGRAPHIC NAME
Geographic name ENGLAND AND WALES
690 ## - LOCAL SUBJECT ADDED ENTRY--TOPICAL TERM (OCLC, RLIN)
Topical term or geographic name as entry element BUILT ENVIRONMENT
710 1# - ADDED ENTRY--CORPORATE NAME
Corporate name or jurisdiction name as entry element Construction Industry Joint Council
9 (RLIN) 3606
856 48 - ELECTRONIC LOCATION AND ACCESS
Uniform Resource Identifier <a href="https://www.nscc.org.uk/support/employment.html">https://www.nscc.org.uk/support/employment.html</a>
Public note View the item free of charge at www.nscc.org.uk
942 ## - ADDED ENTRY ELEMENTS (KOHA)
Suppress in OPAC 0
948 ## - LOCAL PROCESSING INFORMATION (OCLC); SERIES PART DESIGNATOR (RLIN)
c (OCLC) 20/03/1998
Holdings
Withdrawn status Lost status Source of classification or shelving scheme Damaged status Not for loan Home library Current library Shelving location Date acquired Total Checkouts Full call number Barcode Date last seen Copy number Price effective from Koha item type
    Dewey Decimal Classification     Virtual Virtual Online 13/07/2010   ONLINE PUBLICATION 150427-2001 06/08/2019 1 06/08/2019 Book